| 000 | 00396nam a2200145Ia 4500 | ||
|---|---|---|---|
| 008 | 220204s9999 xx 000 0 und d | ||
| 082 |
_a576+577.3 _bPAI.3 |
||
| 100 | _aPAIN, R H | ||
| 245 | 0 | _aNew techniques in biophysical and cell biology. V 3. | |
| 260 |
_aLondon _bJohn Wiley _c1976 |
||
| 650 | _aCell biology | ||
| 650 | _aPhotoelectron spectroscopy | ||
| 700 | _aSMITH, B J | ||
| 942 | _cBK | ||
| 999 |
_c26863 _d26863 |
||